000 00922cam a2200289 a 4500
001 15159218
005 20180306031649.0
008 080129s2009 njua 001 0 eng
010 _a 2008004254
015 _aGBA849265
_2bnb
016 7 _a014568126
_2Uk
020 _a9780131542730 (alk. paper)
020 _a0131542737 (alk. paper)
035 _a(OCoLC)ocn191758451
035 _a(OCoLC)191758451
_z(OCoLC)171110339
040 _aDLC
_cDLC
_dYDX
_dBAKER
_dYDXCP
_dUKM
_dDLC
041 _aeng
080 _a540.76 rob
082 0 0 _a540.76 rob
_222
100 1 _a9
101 _abio
245 1 0 _aHow to solve general chemistry problems /
_cR.S. Boikess.
504 _aIncludes bibliographical references and index.
906 _a7
_bcbc
_corignew
_d1
_eecip
_f20
_gy-gencatlg
942 _2ddc
_cBK
999 _c44108
_d44108